01258nam a2200301Ia 4500001001200000003000800012006001900020007001500039008004100054020001800095020001800113040002100131035002100152050002900173245013200202260010100334300002200435500002600457533015200483650004600635650003500681650003400716655002900750700001800779710001700797710001600814856012600830ebr10644880CaPaEBRm u cr cn|||||||||130128s2013 dcua s i000 0 eng d z9780821397794 z9780821397800 aCaPaEBRcCaPaEBR a(OCoLC)82603761414aRA643.86.A35bF86 2013eb00aFunding mechanisms for civil societyh[electronic resource] :bthe experience of the AIDS response /cRene Bonnel ... [et al.]. a.Washington, DC :bInternational Bank for Reconstruction and Development/The World Bank,c[2013] axx, 90 p. :bill. a"A World Bank study". aElectronic reproduction.bPalo Alto, Calif. :cebrary,d2013.nAvailable via World Wide Web.nAccess may be limited to ebrary affiliated libraries. 0aAIDS (Disease)xEconomic aspectszAfrica. 0aCommunity developmentzAfrica. 0aSocial participationzAfrica. 7aElectronic books.2local1 aBonnel, Rene.2 aebrary, Inc.2 aWorld Bank.40uhttp://site.ebrary.com/lib/rucke/Doc?id=10644880zAn electronic book accessible through the World Wide Web; click to view